| 000 | 02526cam a2200601 i 4500 | ||
|---|---|---|---|
| 001 | xx004846904 | ||
| 003 | NUKAT | ||
| 005 | 20260427131405.0 | ||
| 008 | 200422s2019 pl a g |001 0dpol c | ||
| 020 |
_a9788380906969 _q(wersja drukowana) |
||
| 020 |
_a9788380906976 _q(wersja elektroniczna) |
||
| 020 |
_a9788380988118 _q(wersja drukowana IPN) |
||
| 020 |
_a9788380988125 _q(wersja elektroniczna IPN) |
||
| 035 | _a(OCoLC)1153291905 | ||
| 035 | _a(NUKAT)xx004846904 | ||
| 040 |
_aKAT U/AM _bpol _erda _cKAT U/AMs _dKAT U/AM _dKR 253/MH _dWA 14/ABs |
||
| 045 | 2 |
_bd1913 _bd2013 |
|
| 046 | _k2019 | ||
| 100 | 1 |
_aJagodzińska, Anna _d(1951- ). _eAutor _915776 |
|
| 245 | 1 | 0 |
_aKustosz pamięci : _bksiądz Leon Stępniak (1913-2013) więzień Dachau i Mauthausen-Gusen / _cAnna Jagodzińska. |
| 260 |
_aWarszawa : _bWydawnictwo Naukowe Uniwersytetu Kardynała Stefana Wyszyńskiego : _bInstytut Pamięci Narodowej - Komisja Ścigania Zbrodni przeciwko Narodowi Polskiemu, _c2019. |
||
| 300 |
_a436 stron, [16] stron tablic : _bilustracje ; _c25 cm. |
||
| 336 |
_aTekst _btxt _2rdacontent |
||
| 337 |
_aBez urządzenia pośredniczącego _bn _2rdamedia |
||
| 338 |
_aWolumin _bnc _2rdacarrier |
||
| 380 | _aKsiążki | ||
| 380 | _aPublikacje naukowe | ||
| 388 | 1 | _a2001- | |
| 490 | 1 | _aW Służbie Niepodległej | |
| 504 | _aIndeks. | ||
| 600 | 1 | 7 |
_aStępniak, Leon _d(1913-2013) _2DBN _940662 |
| 600 | 1 | 7 |
_aStępniak, Leon _d(1913-2013). _2kaba _940663 |
| 610 | 2 | 7 |
_aDachau (niemiecki obóz koncentracyjny) _2DBN _940664 |
| 610 | 2 | 7 |
_aMauthausen (niemiecki obóz koncentracyjny) _2DBN _940665 |
| 648 | 7 |
_a1901-2000 _2DBN _934996 |
|
| 648 | 7 |
_a2001- _2DBN _936393 |
|
| 650 | 7 |
_aDuchowieństwo katolickie _2DBN _935375 |
|
| 650 | 7 |
_aWięźniowie obozów _2DBN _936983 |
|
| 651 | 7 |
_aDachau (Niemcy) _2DBN _940666 |
|
| 651 | 7 |
_aMauthausen (Austria) _2DBN _940667 |
|
| 651 | 7 |
_aPolska _2DBN _935076 |
|
| 655 | 7 |
_aBiografia _2DBN _935059 |
|
| 658 | _aHistoria | ||
| 658 | _aReligia i duchowość | ||
| 710 | 2 |
_aInstytut Pamięci Narodowej - Komisja Ścigania Zbrodni przeciwko Narodowi Polskiemu. _eWydawca _4pbl _911792 |
|
| 710 | 2 |
_aUniwersytet Kardynała Stefana Wyszyńskiego (Warszawa). _bWydawnictwo. _eWydawca _4pbl _918588 |
|
| 830 | 0 |
_aW Służbie Niepodległej _940668 |
|
| 920 | _a978-83-8090-696-9 (wersja drukowana) | ||
| 920 | _a978-83-8090-697-6 (wersja elektroniczna) | ||
| 920 | _a978-83-8098-811-8 (wersja drukowana IPN) | ||
| 920 | _a978-83-8098-812-5 (wersja elektroniczna IPN) | ||
| 942 |
_2ddc _cBK_NM |
||
| 999 |
_c27802 _d27802 |
||